Large AND Populous Countries Quiz Stats

Quiz Updated Aug 14, 2015

Challenge
Share
Tweet
Embed
Score 0/9 Timer 01:00
21 Plays Today
% of world's population Country % Correct
20.0China
99%
4.6United States
98.2%
2.0Russia
95.8%
18.3India
93.8%
2.9Brazil
85.5%
1.8Mexico
65.4%
3.6Indonesia
51.5%
1.0Democratic Republic of the Congo
30.1%
1.1Iran
28.3%

You're not logged in!

Compare scores with friends on all Sporcle quizzes.
Sign Up with Email
OR
Log In

You Might Also Like...

Show Comments

Extras

Top Quizzes Today


Score Distribution

Your Account Isn't Verified!

In order to create a playlist on Sporcle, you need to verify the email address you used during registration. Go to your Sporcle Settings to finish the process.